Current veterinary therapy : Small animal practice

Salvato in:
Dettagli Bibliografici
Autore principale: Kirk, Robert W.
Natura: Libro
Lingua:Undetermined
Pubblicazione: Philadelphia W.B. Saunders 1974
Soggetti:
Tags: Aggiungi Tag
Nessun Tag, puoi essere il primo ad aggiungerne! !
Thư viện lưu trữ: Trung tâm Học liệu Trường Đại học Cần Thơ
LEADER 00573nam a2200205Ia 4500
001 CTU_126085
008 210402s9999 xx 000 0 und d
082 |a 636.089 
082 |b K59/T4 
100 |a Kirk, Robert W. 
245 0 |a Current veterinary therapy : 
245 0 |b Small animal practice 
245 0 |c Robert W. Kirk 
260 |a Philadelphia 
260 |b W.B. Saunders 
260 |c 1974 
650 |a Veterinary medicine,Pets 
650 |x Periodicals,Diseases,Periodicals 
904 |i Hiếu 
980 |a Trung tâm Học liệu Trường Đại học Cần Thơ